000 00464pab a2200157 454500
008 180718b2017 xxu||||| |||| 00| 0 eng d
100 _aBanerjee, Sumanta
245 _aThe Indian public spellbound by false promises and roused by misdirected hatred
260 _c2017
300 _ap.12-15.
362 _a5 Aug
650 _aIndia - Politics and government
650 _aPolitics and government
773 _aEconomic and Political Weekly
909 _a115611
999 _c115605
_d115605